[Event "Irwin/Haring/Denker/Barber/Rockefeller Championships 2021"]
[Site "Crowne Plaza Cherry Hill, United States"]
[Date "????.??.??"]
[Round "6.1"]
[White "Khmelnitsky, Igor"]
[Black "Eckert, Doug"]
[Result "1-0"]
[TimeControl "G/90;+30"]
[WhiteTitle "IM"]
[BlackTitle "FM"]
[WhiteElo "2488"]
[BlackElo "2266"]

1. e4 {[%clk 01:30:50]} e5 {[%clk 01:30:52]} 2. Nf3 {[%clk 01:31:02]} {[%emt
00:00:04]} Nc6 {[%clk 01:31:13]} 3. Bb5 {[%clk 01:31:16]} a6 {[%clk 01:31:34]}
4. Bxc6 {[%clk 01:30:58]} dxc6 {[%clk 01:31:58]} 5. O-O {[%clk 01:31:01]} Qf6
{[%clk 01:31:25]} {[%emt 00:00:03]} 6. d4 {[%clk 01:27:52]} exd4 {[%clk
01:31:15]} 7. Qxd4 {[%clk 01:28:12]} Qxd4 {[%clk 01:30:41]} 8. Nxd4 {[%clk
01:28:39]} Bd7 {[%clk 01:29:33]} 9. Be3 {[%clk 01:26:03]} O-O-O {[%clk
01:28:25]} {[%emt 00:02:36]} 10. Nc3 {[%clk 01:24:59]} Re8 {[%clk 01:28:33]} 11.
Nde2 {[%clk 01:19:53]} Ne7 {[%clk 01:09:43]} 12. h3 {[%clk 01:08:53]} f5 {[%clk
01:07:19]} 13. Ng3 {[%clk 01:04:34]} fxe4 {[%clk 01:04:27]} {[%emt 00:00:39]}
14. Ncxe4 {[%clk 01:02:10]} b6 {[%clk 01:04:42]} 15. Rfe1 {[%clk 01:00:29]} Nd5
{[%clk 01:01:04]} 16. Bd2 {[%clk 00:59:44]} Be7 {[%clk 00:46:23]} 17. a3 {[%clk
00:56:37]} Rhf8 {[%clk 00:42:56]} 18. Bg5 {[%clk 00:47:51]} Bxg5 {[%clk
00:32:22]} 19. Nxg5 {[%clk 00:48:08]} Nf6 {[%clk 00:31:47]} 20. Nf3 {[%clk
00:47:12]} Rxe1+ {[%clk 00:28:47]} 21. Rxe1 {[%clk 00:47:17]} Re8 {[%clk
00:28:36]} 22. Rxe8+ {[%clk 00:47:09]} Bxe8 {[%clk 00:28:29]} 23. Ne5 {[%clk
00:47:14]} c5 {[%clk 00:28:10]} 24. Nf5 {[%clk 00:45:27]} g6 {[%clk 00:27:29]}
25. Ne3 {[%clk 00:45:47]} Kd8 {[%clk 00:27:24]} 26. g4 {[%clk 00:43:54]} {[%emt
00:00:49]} Ke7 {[%clk 00:26:27]} 27. f4 {[%clk 00:42:38]} Ke6 {[%clk 00:24:13]}
28. Kg2 {[%clk 00:34:50]} Ne4 {[%clk 00:20:35]} 29. h4 {[%clk 00:33:26]} Nd2
{[%clk 00:19:08]} 30. Kh3 {[%clk 00:26:55]} Ne4 {[%clk 00:19:24]} 31. Nf3
{[%clk 00:25:46]} Bc6 {[%clk 00:12:59]} 32. Ng5+ {[%clk 00:24:37]} Nxg5+ {[%clk
00:13:25]} 33. hxg5 {[%clk 00:24:59]} Be4 {[%clk 00:13:54]} 34. Kg3 {[%clk
00:24:56]} b5 {[%clk 00:13:08]} 35. c3 {[%clk 00:24:55]} Bd3 {[%clk 00:13:03]}
36. Kf3 {[%clk 00:24:58]} Bb1 {[%clk 00:13:28]} 37. Ke2 {[%clk 00:20:37]} Be4
{[%clk 00:13:47]} 38. Nf1 {[%clk 00:20:13]} c4 {[%clk 00:11:15]} 39. Ke3 {[%clk
00:19:53]} Bd3 {[%clk 00:11:41]} 40. Ng3 {[%clk 00:19:52]} Bc2 {[%clk
00:10:56]} 41. Ne4 {[%clk 00:16:31]} Bd1 {[%clk 00:11:09]} 42. Nf2 {[%clk
00:14:27]} {[%emt 00:01:12]} Bc2 {[%clk 00:11:07]} {[%emt 00:00:56]} 43. Kd4
{[%clk 00:14:49]} Kd6 {[%clk 00:08:48]} {[%emt 00:02:31]} 44. Ke3 {[%clk
00:13:54]} {[%emt 00:01:34]} Kd5 {[%clk 00:08:19]} {[%emt 00:01:14]} 45. Kf3
{[%clk 00:13:50]} {[%emt 00:00:11]} a5 {[%clk 00:08:01]} {[%emt 00:01:06]} 46.
Ke3 {[%clk 00:14:07]} c5 {[%clk 00:07:38]} {[%emt 00:00:48]} 47. Kf3 {[%clk
00:14:01]} {[%emt 00:00:39]} b4 {[%clk 00:07:07]} {[%emt 00:01:07]} 48. Ke3
{[%clk 00:14:09]} {[%emt 00:00:22]} Bb1 {[%clk 00:05:22]} {[%emt 00:02:09]} 49.
Nh3 {[%clk 00:13:32]} {[%emt 00:01:07]} bxa3 {[%clk 00:04:36]} {[%emt
00:01:13]} 50. bxa3 {[%clk 00:14:00]} {[%emt 00:00:27]} Kc6 {[%clk 00:04:59]}
51. Nf2 {[%clk 00:14:05]} {[%emt 00:00:10]} Kb5 {[%clk 00:05:16]} {[%emt
00:00:09]} 52. Ne4 {[%clk 00:13:35]} {[%emt 00:01:08]} Ka4 {[%clk 00:05:12]}
{[%emt 00:00:38]} 53. f5 {[%clk 00:13:12]} {[%emt 00:00:55]} 1-0

[Event "Irwin/Haring/Denker/Barber/Rockefeller Championships 2021"]
[Site "Crowne Plaza Cherry Hill, United States"]
[Date "????.??.??"]
[Round "6.2"]
[White "Root, Douglas"]
[Black "Matros, Alexander"]
[Result "1-0"]
[TimeControl "G/90;+30"]
[WhiteTitle "IM"]
[BlackTitle "IM"]
[WhiteElo "2556"]
[BlackElo "2408"]

1. d4 {[%clk 01:30:56]} Nf6 {[%clk 01:29:39]} {[%emt 00:00:03]} 2. Nf3 {[%clk
01:31:23]} g6 {[%clk 01:29:49]} 3. c4 {[%clk 01:31:48]} Bg7 {[%clk 01:30:10]} 4.
Nc3 {[%clk 01:32:12]} O-O {[%clk 01:30:29]} 5. e4 {[%clk 01:32:37]} d6 {[%clk
01:30:52]} {[%emt 00:00:03]} 6. Be2 {[%clk 01:33:00]} Na6 {[%clk 01:31:15]} 7.
O-O {[%clk 01:33:21]} e5 {[%clk 01:31:39]} 8. Re1 {[%clk 01:33:37]} c6 {[%clk
01:31:51]} 9. Rb1 {[%clk 01:31:54]} Nh5 {[%clk 01:18:01]} {[%emt 00:00:55]} 10.
Bg5 {[%clk 01:27:02]} Bf6 {[%clk 01:13:47]} 11. Bh6 {[%clk 01:23:58]} Re8
{[%clk 01:12:58]} 12. Qd2 {[%clk 01:23:26]} Bg4 {[%clk 01:10:26]} 13. d5 {[%clk
01:23:31]} c5 {[%clk 01:10:08]} {[%emt 00:00:03]} 14. a3 {[%clk 01:22:43]} Bg7
{[%clk 01:07:37]} 15. Bg5 {[%clk 01:18:10]} Bf6 {[%clk 00:54:05]} 16. Be3
{[%clk 01:18:15]} Be7 {[%clk 00:54:22]} 17. b4 {[%clk 01:16:27]} b6 {[%clk
00:54:35]} 18. Rb3 {[%clk 01:12:46]} {[%emt 00:00:04]} Bd7 {[%clk 00:53:12]} 19.
Reb1 {[%clk 01:11:18]} Ng7 {[%clk 00:50:22]} 20. Ne1 {[%clk 01:10:37]} f5
{[%clk 00:50:13]} 21. f3 {[%clk 01:00:57]} f4 {[%clk 00:44:18]} 22. Bf2 {[%clk
01:01:20]} g5 {[%clk 00:44:43]} 23. Nd3 {[%clk 00:58:23]} h5 {[%clk 00:43:47]}
24. Kh1 {[%clk 00:55:25]} Kh7 {[%clk 00:42:07]} 25. bxc5 {[%clk 00:54:01]} Nxc5
{[%clk 00:36:03]} 26. Bxc5 {[%clk 00:53:17]} bxc5 {[%clk 00:36:25]} {[%emt
00:00:23]} 27. Rb7 {[%clk 00:53:09]} Bc8 {[%clk 00:36:06]} 28. R7b2 {[%clk
00:52:48]} Rg8 {[%clk 00:23:44]} 29. Bd1 {[%clk 00:50:51]} Ba6 {[%clk
00:23:52]} 30. Ba4 {[%clk 00:50:34]} Bxc4 {[%clk 00:18:11]} 31. Bc6 {[%clk
00:50:51]} Qa5 {[%clk 00:17:57]} 32. Bxa8 {[%clk 00:36:57]} Rxa8 {[%clk
00:18:22]} 33. Rb7 {[%clk 00:37:03]} Bf8 {[%clk 00:18:40]} 34. a4 {[%clk
00:36:53]} Ba6 {[%clk 00:18:22]} 35. R7b2 {[%clk 00:29:07]} Be7 {[%clk
00:18:34]} 36. Nb5 {[%clk 00:29:06]} Qd8 {[%clk 00:13:33]} 37. Nc1 {[%clk
00:18:50]} g4 {[%clk 00:07:06]} 38. Nb3 {[%clk 00:17:50]} {[%emt 00:00:52]} Ne8
{[%clk 00:06:24]} {[%emt 00:01:50]} 39. Na5 {[%clk 00:17:43]} Bh4 {[%clk
00:06:45]} {[%emt 00:00:04]} 40. Nc6 {[%clk 00:17:29]} {[%emt 00:01:25]} Qf6
{[%clk 00:06:36]} 41. Qd1 {[%clk 00:14:28]} {[%emt 00:03:29]} Bg3 {[%clk
00:05:56]} {[%emt 00:01:13]} 42. fxg4 {[%clk 00:11:48]} {[%emt 00:03:22]} Qh4
{[%clk 00:06:25]} {[%emt 00:00:05]} 43. h3 {[%clk 00:12:02]} Bc8 {[%clk
00:06:38]} {[%emt 00:00:22]} 44. gxh5 {[%clk 00:11:50]} {[%emt 00:00:54]} Nf6
{[%clk 00:04:50]} {[%emt 00:01:58]} 45. Nxd6 {[%clk 00:10:09]} {[%emt
00:02:10]} Bxh3 {[%clk 00:05:04]} {[%emt 00:00:38]} 46. gxh3 {[%clk 00:10:06]}
{[%emt 00:00:42]} Qxh3+ {[%clk 00:05:32]} 47. Kg1 {[%clk 00:10:26]} Bf2+ {[%clk
00:01:53]} {[%emt 00:03:50]} 48. Kxf2 {[%clk 00:10:43]} {[%emt 00:00:12]} Ng4+
{[%clk 00:02:22]} {[%emt 00:00:19]} 49. Qxg4 {[%clk 00:10:40]} {[%emt
00:00:15]} Qxg4 {[%clk 00:02:35]} {[%emt 00:00:49]} 50. Rb7+ {[%clk 00:11:02]}
Kg8 {[%clk 00:00:49]} {[%emt 00:02:13]} 51. Rg1 {[%clk 00:11:20]} 1-0

[Event "Irwin/Haring/Denker/Barber/Rockefeller Championships 2021"]
[Site "Crowne Plaza Cherry Hill, United States"]
[Date "????.??.??"]
[Round "6.3"]
[White "Koganov, Mikhail"]
[Black "Fedorowicz, John P"]
[Result "1/2-1/2"]
[TimeControl "G/90;+30"]
[BlackTitle "GM"]
[WhiteElo "2203"]
[BlackElo "2445"]

1. d4 {[%clk 01:30:44]} Nf6 {[%clk 01:29:57]} {[%emt 00:00:57]} 2. Nf3 {[%clk
01:31:06]} {[%emt 00:00:21]} e6 {[%clk 01:28:45]} {[%emt 00:01:30]} 3. Bf4
{[%clk 01:31:12]} {[%emt 00:00:24]} c5 {[%clk 01:28:07]} {[%emt 00:01:27]} 4.
e3 {[%clk 01:31:22]} {[%emt 00:00:09]} cxd4 {[%clk 01:27:31]} {[%emt 00:01:14]}
5. exd4 {[%clk 01:31:41]} {[%emt 00:00:04]} b6 {[%clk 01:27:25]} {[%emt
00:01:03]} 6. Nbd2 {[%clk 01:31:15]} {[%emt 00:00:24]} Bb7 {[%clk 01:26:59]}
{[%emt 00:00:52]} 7. Bd3 {[%clk 01:31:31]} {[%emt 00:00:18]} Be7 {[%clk
01:26:55]} {[%emt 00:01:00]} 8. O-O {[%clk 01:31:37]} {[%emt 00:00:06]} O-O
{[%clk 01:26:46]} {[%emt 00:01:01]} 9. h3 {[%clk 01:31:50]} {[%emt 00:00:07]}
d6 {[%clk 01:25:46]} {[%emt 00:01:16]} 10. c3 {[%clk 01:31:49]} {[%emt
00:00:39]} Nbd7 {[%clk 01:25:05]} {[%emt 00:00:51]} 11. Qe2 {[%clk 01:31:48]}
{[%emt 00:00:34]} Re8 {[%clk 01:23:56]} {[%emt 00:01:43]} 12. Ne4 {[%clk
01:24:09]} {[%emt 00:08:20]} Nxe4 {[%clk 01:21:28]} {[%emt 00:02:53]} 13. Bxe4
{[%clk 01:24:11]} {[%emt 00:00:18]} Bxe4 {[%clk 01:21:39]} {[%emt 00:00:19]} 14.
Qxe4 {[%clk 01:24:18]} {[%emt 00:00:25]} Nf6 {[%clk 01:21:32]} {[%emt
00:00:50]} 15. Qe2 {[%clk 01:24:07]} {[%emt 00:00:26]} Qc7 {[%clk 01:21:29]}
{[%emt 00:00:41]} 16. Ne1 {[%clk 01:17:07]} {[%emt 00:07:19]} Qc6 {[%clk
01:19:27]} {[%emt 00:02:32]} 17. Nd3 {[%clk 01:13:27]} {[%emt 00:04:11]} Nd5
{[%clk 01:19:09]} {[%emt 00:00:47]} 18. Bd2 {[%clk 01:06:03]} {[%emt 00:07:54]}
Bf8 {[%clk 01:17:26]} {[%emt 00:02:13]} 19. Rac1 {[%clk 00:49:06]} {[%emt
00:17:28]} b5 {[%clk 01:14:33]} {[%emt 00:03:56]} 20. a3 {[%clk 00:47:34]}
{[%emt 00:01:30]} a5 {[%clk 01:13:43]} {[%emt 00:01:19]} 21. Rfd1 {[%clk
00:42:09]} {[%emt 00:06:26]} Nb6 {[%clk 01:13:36]} {[%emt 00:00:05]} 22. Be1
{[%clk 00:40:47]} {[%emt 00:02:13]} Nc4 {[%clk 01:12:44]} {[%emt 00:01:40]} 23.
Rc2 {[%clk 00:39:53]} {[%emt 00:00:46]} e5 {[%clk 01:12:22]} {[%emt 00:00:55]}
24. d5 {[%clk 00:34:17]} {[%emt 00:06:02]} Qxd5 {[%clk 01:09:36]} {[%emt
00:03:47]} 25. Nb4 {[%clk 00:34:33]} Qc5 {[%clk 01:09:05]} {[%emt 00:00:53]} 26.
Nd5 {[%clk 00:34:55]} {[%emt 00:00:07]} a4 {[%clk 01:07:47]} {[%emt 00:01:49]}
27. Qg4 {[%clk 00:29:11]} {[%emt 00:06:28]} Re6 {[%clk 01:08:06]} 28. Kh2
{[%clk 00:29:12]} {[%emt 00:00:44]} Rae8 {[%clk 01:06:44]} {[%emt 00:01:27]} 29.
f3 {[%clk 00:28:49]} {[%emt 00:00:52]} g6 {[%clk 01:05:22]} {[%emt 00:01:50]}
30. Bf2 {[%clk 00:27:27]} {[%emt 00:01:57]} Qc8 {[%clk 01:05:43]} {[%emt
00:00:55]} 31. Nb6 {[%clk 00:25:59]} {[%emt 00:01:08]} Nxb6 {[%clk 01:05:56]}
{[%emt 00:00:49]} 32. Bxb6 {[%clk 00:26:27]} d5 {[%clk 01:05:14]} {[%emt
00:01:08]} 33. Bg1 {[%clk 00:23:50]} {[%emt 00:02:42]} h5 {[%clk 01:04:34]}
{[%emt 00:01:08]} 34. Qg5 {[%clk 00:23:51]} {[%emt 00:00:56]} d4 {[%clk
01:04:40]} 35. Qd2 {[%clk 00:23:49]} {[%emt 00:00:51]} Rc6 {[%clk 01:03:12]}
{[%emt 00:02:15]} 36. Rdc1 {[%clk 00:23:47]} dxc3 {[%clk 01:02:35]} {[%emt
00:01:49]} 37. Rxc3 {[%clk 00:24:11]} Rxc3 {[%clk 01:02:59]} 38. Rxc3 {[%clk
00:24:35]} Qb8 {[%clk 01:02:56]} {[%emt 00:00:05]} 39. Kh1 {[%clk 00:23:16]}
{[%emt 00:02:51]} b4 {[%clk 01:02:22]} {[%emt 00:00:34]} 40. Rc4 {[%clk
00:23:09]} {[%emt 00:00:35]} bxa3 {[%clk 01:02:46]} 41. bxa3 {[%clk 00:23:37]}
Qb3 {[%clk 01:01:08]} {[%emt 00:01:46]} 42. Qd7 {[%clk 00:23:14]} {[%emt
00:01:09]} Ra8 {[%clk 00:51:53]} {[%emt 00:09:25]} 43. Qc6 {[%clk 00:23:09]}
{[%emt 00:01:17]} Ra5 {[%clk 00:50:19]} {[%emt 00:01:23]} 44. Rc3 {[%clk
00:20:59]} {[%emt 00:03:23]} Qb2 {[%clk 00:49:45]} {[%emt 00:00:32]} 45. Qc8
{[%clk 00:19:04]} {[%emt 00:02:34]} Kg7 {[%clk 00:46:43]} {[%emt 00:03:18]} 46.
Rc7 {[%clk 00:18:54]} {[%emt 00:00:42]} Qb3 {[%clk 00:45:25]} {[%emt 00:02:04]}
47. Qe8 {[%clk 00:18:07]} {[%emt 00:00:55]} Qd5 {[%clk 00:43:18]} {[%emt
00:02:46]} 48. Be3 {[%clk 00:17:57]} {[%emt 00:00:40]} 1/2-1/2

[Event "Irwin/Haring/Denker/Barber/Rockefeller Championships 2021"]
[Site "Crowne Plaza Cherry Hill, United States"]
[Date "????.??.??"]
[Round "6.4"]
[White "Liang, Awonder"]
[Black "Yip, Carissa"]
[Result "1-0"]
[TimeControl "G/90;+30"]
[WhiteTitle "GM"]
[BlackTitle "IM"]
[WhiteElo "2674"]
[BlackElo "2506"]

1. e4 {[%clk 01:30:59]} e5 {[%clk 01:16:58]} 2. Nf3 {[%clk 01:31:21]} {[%emt
00:01:19]} Nc6 {[%clk 01:17:23]} 3. Bb5 {[%clk 01:31:45]} a6 {[%clk 01:17:30]}
4. Ba4 {[%clk 01:32:13]} Nf6 {[%clk 01:17:52]} 5. O-O {[%clk 01:32:34]} b5
{[%clk 01:18:15]} 6. Bb3 {[%clk 01:32:58]} Bb7 {[%clk 01:18:41]} 7. d3 {[%clk
01:32:41]} Be7 {[%clk 01:19:00]} 8. c4 {[%clk 01:32:24]} O-O {[%clk 01:19:22]}
9. Nc3 {[%clk 01:32:50]} bxc4 {[%clk 01:19:46]} {[%emt 00:00:08]} 10. Bxc4
{[%clk 01:33:18]} d6 {[%clk 01:20:06]} 11. Be3 {[%clk 01:29:20]} Na5 {[%clk
01:19:19]} 12. Bd5 {[%clk 01:29:41]} c6 {[%clk 01:13:43]} 13. Bxf7+ {[%clk
01:29:48]} Rxf7 {[%clk 01:13:37]} {[%emt 00:00:04]} 14. b4 {[%clk 01:30:12]}
Bc8 {[%clk 01:06:47]} 15. bxa5 {[%clk 01:29:08]} Bg4 {[%clk 01:07:12]} 16. Kh1
{[%clk 01:15:26]} Nh5 {[%clk 01:02:06]} 17. Qb3 {[%clk 01:12:18]} Bxf3 {[%clk
01:02:29]} 18. gxf3 {[%clk 01:12:43]} Qd7 {[%clk 01:01:23]} 19. Ne2 {[%clk
01:12:24]} Raf8 {[%clk 00:59:53]} 20. Rab1 {[%clk 00:50:36]} Bd8 {[%clk
00:58:39]} 21. Ng1 {[%clk 00:45:08]} Bxa5 {[%clk 00:52:14]} 22. Qa4 {[%clk
00:44:36]} {[%emt 00:00:07]} Bc3 {[%clk 00:49:12]} 23. Rfc1 {[%clk 00:43:05]}
Bd4 {[%clk 00:49:40]} 24. Qxc6 {[%clk 00:42:51]} Qa7 {[%clk 00:44:48]} 25. Re1
{[%clk 00:31:12]} Qe7 {[%clk 00:44:52]} 26. Qxa6 {[%clk 00:27:24]} {[%emt
00:00:03]} Nf4 {[%clk 00:36:35]} 27. Rec1 {[%clk 00:24:49]} Qg5 {[%clk
00:31:26]} 28. Bxf4 {[%clk 00:25:12]} Qxf4 {[%clk 00:31:53]} 29. Rc8 {[%clk
00:07:58]} h6 {[%clk 00:23:54]} 30. Rbb8 {[%clk 00:07:14]} {[%emt 00:06:27]}
Rxc8 {[%clk 00:19:48]} 31. Qxc8+ {[%clk 00:07:40]} Kh7 {[%clk 00:20:15]} 32.
Qg8+ {[%clk 00:07:55]} Kg6 {[%clk 00:20:44]} 33. Qe8 {[%clk 00:08:13]} Kh7
{[%clk 00:21:09]} 34. Qg8+ {[%clk 00:01:55]} Kg6 {[%clk 00:21:37]} 35. Rd8
{[%clk 00:01:14]} Bxf2 {[%clk 00:21:43]} 36. Rxd6+ {[%clk 00:01:39]} Kh5 {[%clk
00:18:58]} 37. Qc8 {[%clk 00:02:00]} Qg5 {[%clk 00:15:53]} 38. Nh3 {[%clk
00:01:21]} {[%emt 00:00:20]} Qc1+ {[%clk 00:12:53]} {[%emt 00:03:25]} 1-0

[Event "Irwin/Haring/Denker/Barber/Rockefeller Championships 2021"]
[Site "Crowne Plaza Cherry Hill, United States"]
[Date "????.??.??"]
[Round "6.5"]
[White "Peng, Shunkai"]
[Black "Shlyakhtenko, Robert"]
[Result "1/2-1/2"]
[TimeControl "G/90;+30"]
[WhiteTitle "FM"]
[BlackTitle "FM"]
[WhiteElo "2411"]
[BlackElo "2469"]

1. e4 {[%clk 01:30:55]} {[%emt 00:00:09]} e6 {[%clk 01:30:50]} {[%emt
00:00:05]} 2. d4 {[%clk 01:30:47]} {[%emt 00:00:59]} d5 {[%clk 01:31:10]} 3.
Nd2 {[%clk 01:29:24]} {[%emt 00:02:08]} Be7 {[%clk 01:31:28]} {[%emt 00:00:08]}
4. Ngf3 {[%clk 01:28:08]} {[%emt 00:02:00]} Nf6 {[%clk 01:31:41]} {[%emt
00:00:07]} 5. Bd3 {[%clk 01:27:35]} {[%emt 00:00:43]} c5 {[%clk 01:31:50]}
{[%emt 00:00:24]} 6. exd5 {[%clk 01:26:54]} {[%emt 00:01:03]} Nxd5 {[%clk
01:28:09]} {[%emt 00:04:22]} 7. O-O {[%clk 01:24:10]} {[%emt 00:04:06]} O-O
{[%clk 01:27:57]} 8. dxc5 {[%clk 01:14:17]} {[%emt 00:10:01]} Nd7 {[%clk
01:26:50]} {[%emt 00:01:45]} 9. Nb3 {[%clk 01:12:08]} {[%emt 00:02:47]} a5
{[%clk 01:20:16]} {[%emt 00:06:53]} 10. a4 {[%clk 01:07:44]} {[%emt 00:04:49]}
Nxc5 {[%clk 01:18:51]} {[%emt 00:01:53]} 11. Nxc5 {[%clk 01:03:50]} {[%emt
00:04:27]} Bxc5 {[%clk 01:18:38]} {[%emt 00:00:47]} 12. Qe2 {[%clk 01:04:08]}
{[%emt 00:00:06]} Qc7 {[%clk 01:10:18]} {[%emt 00:08:52]} 13. Re1 {[%clk
00:55:47]} {[%emt 00:09:21]} Bd7 {[%clk 01:03:33]} {[%emt 00:07:01]} 14. Ne5
{[%clk 00:43:56]} {[%emt 00:12:26]} Bd6 {[%clk 00:54:33]} {[%emt 00:09:35]} 15.
Nxd7 {[%clk 00:40:27]} {[%emt 00:03:37]} Qxd7 {[%clk 00:54:37]} {[%emt
00:00:53]} 16. Qe4 {[%clk 00:40:25]} {[%emt 00:00:07]} g6 {[%clk 00:52:49]}
{[%emt 00:02:35]} 17. Bh6 {[%clk 00:36:14]} {[%emt 00:04:33]} Rfd8 {[%clk
00:49:11]} {[%emt 00:03:54]} 18. Rad1 {[%clk 00:33:18]} {[%emt 00:03:37]} Qc7
{[%clk 00:46:34]} {[%emt 00:03:24]} 19. g3 {[%clk 00:32:43]} {[%emt 00:00:32]}
Bf8 {[%clk 00:45:01]} {[%emt 00:02:54]} 20. Bg5 {[%clk 00:30:18]} {[%emt
00:02:31]} Be7 {[%clk 00:44:01]} {[%emt 00:01:02]} 21. Bh6 {[%clk 00:29:37]}
{[%emt 00:01:21]} Bf8 {[%clk 00:44:05]} {[%emt 00:00:22]} 22. Bg5 {[%clk
00:27:37]} {[%emt 00:02:31]} Be7 {[%clk 00:44:17]} {[%emt 00:00:12]} 23. Bh6
{[%clk 00:27:54]} {[%emt 00:01:20]} Bf6 {[%clk 00:44:24]} 24. c3 {[%clk
00:27:41]} Bg7 {[%clk 00:40:58]} {[%emt 00:04:06]} 25. Bg5 {[%clk 00:27:33]}
{[%emt 00:00:41]} Bf6 {[%clk 00:41:00]} {[%emt 00:01:00]} 26. Bh6 {[%clk
00:27:34]} Bg7 {[%clk 00:40:37]} {[%emt 00:00:58]} 27. Bg5 {[%clk 00:28:03]}
Bf6 {[%clk 00:40:38]} 1/2-1/2

[Event "Irwin/Haring/Denker/Barber/Rockefeller Championships 2021"]
[Site "Crowne Plaza Cherry Hill, United States"]
[Date "????.??.??"]
[Round "6.6"]
[White "Yellamraju, Ambica"]
[Black "Yan, Ruiyang"]
[Result "1-0"]
[TimeControl "G/90;+30"]
[WhiteTitle "WCM"]
[BlackTitle "WCM"]
[WhiteElo "2097"]
[BlackElo "2245"]

1. d4 {[%clk 01:30:57]} Nf6 {[%clk 01:30:54]} 2. c4 {[%clk 01:31:21]} e6 {[%clk
01:31:20]} 3. g3 {[%clk 01:31:45]} d5 {[%clk 01:31:46]} 4. Nf3 {[%clk
01:32:07]} Be7 {[%clk 01:32:10]} 5. Bg2 {[%clk 01:32:27]} O-O {[%clk 01:32:35]}
6. O-O {[%clk 01:32:40]} dxc4 {[%clk 01:32:51]} 7. Qc2 {[%clk 01:32:49]} a6
{[%clk 01:33:17]} 8. a4 {[%clk 01:33:03]} Bd7 {[%clk 01:33:42]} 9. Rd1 {[%clk
01:33:05]} Bc6 {[%clk 01:33:47]} 10. Nc3 {[%clk 01:33:11]} Nbd7 {[%clk
01:19:58]} 11. e4 {[%clk 01:31:06]} Nb6 {[%clk 01:09:32]} 12. a5 {[%clk
01:24:30]} Nc8 {[%clk 01:08:23]} 13. d5 {[%clk 01:16:44]} exd5 {[%clk
01:08:25]} 14. e5 {[%clk 01:15:48]} Ne8 {[%clk 01:04:17]} 15. Nd4 {[%clk
01:06:31]} Bc5 {[%clk 00:45:22]} 16. Nxc6 {[%clk 00:50:08]} bxc6 {[%clk
00:45:43]} 17. Nxd5 {[%clk 00:47:56]} cxd5 {[%clk 00:46:05]} 18. Rxd5 {[%clk
00:31:38]} Qe7 {[%clk 00:46:27]} 19. Rxc5 {[%clk 00:31:41]} Qxc5 {[%clk
00:46:50]} 20. Bxa8 {[%clk 00:31:59]} c6 {[%clk 00:37:28]} 21. Ra4 {[%clk
00:18:25]} Qxe5 {[%clk 00:18:07]} 22. Rxc4 {[%clk 00:16:13]} Ned6 {[%clk
00:14:42]} 23. Rc5 {[%clk 00:14:42]} Qe1+ {[%clk 00:10:18]} 24. Kg2 {[%clk
00:15:04]} Re8 {[%clk 00:05:48]} 25. Be3 {[%clk 00:14:11]} g6 {[%clk 00:04:28]}
26. Bxc6 {[%clk 00:13:56]} Re7 {[%clk 00:04:08]} 27. Ba4 {[%clk 00:11:46]} h5
{[%clk 00:02:43]} 28. Rxc8+ {[%clk 00:11:24]} Nxc8 {[%clk 00:03:12]} 29. Qxc8+
{[%clk 00:11:44]} Kh7 {[%clk 00:03:38]} 30. Qc5 {[%clk 00:10:38]} {[%emt
00:01:10]} Rb7 {[%clk 00:02:21]} {[%emt 00:01:35]} 31. Qc4 {[%clk 00:07:57]}
{[%emt 00:03:06]} Qxa5 {[%clk 00:02:16]} {[%emt 00:00:34]} 32. Bc6 {[%clk
00:07:15]} {[%emt 00:01:20]} Re7 {[%clk 00:01:58]} {[%emt 00:00:40]} 33. Bc5
{[%clk 00:07:02]} {[%emt 00:01:02]} Re6 {[%clk 00:01:25]} {[%emt 00:00:44]} 34.
Bd5 {[%clk 00:05:44]} {[%emt 00:01:51]} Re5 {[%clk 00:01:38]} {[%emt 00:00:21]}
35. b4 {[%clk 00:05:22]} {[%emt 00:00:43]} Qd8 {[%clk 00:02:05]} {[%emt
00:00:19]} 36. Bf3 {[%clk 00:04:42]} {[%emt 00:01:32]} Re6 {[%clk 00:02:24]} 37.
Qf4 {[%clk 00:04:06]} {[%emt 00:00:40]} Qd7 {[%clk 00:02:09]} {[%emt 00:00:51]}
38. Bf8 {[%clk 00:03:57]} {[%emt 00:00:55]} Kg8 {[%clk 00:02:18]} 39. Qh6
{[%clk 00:04:01]} {[%emt 00:00:21]} Qd4 {[%clk 00:02:33]} {[%emt 00:00:43]} 40.
Bc5 {[%clk 00:03:48]} {[%emt 00:00:20]} Qd8 {[%clk 00:02:57]} {[%emt 00:00:06]}
41. h4 {[%clk 00:03:27]} {[%emt 00:01:01]} Re8 {[%clk 00:02:36]} {[%emt
00:00:38]} 42. Qf4 {[%clk 00:03:08]} {[%emt 00:00:54]} Re6 {[%clk 00:02:37]}
{[%emt 00:00:25]} 43. Qc4 {[%clk 00:02:57]} {[%emt 00:00:39]} Qd7 {[%clk
00:02:48]} {[%emt 00:00:43]} 44. Qd5 {[%clk 00:03:01]} {[%emt 00:00:08]} Qb5
{[%clk 00:02:13]} {[%emt 00:01:26]} 45. Qa8+ {[%clk 00:02:50]} {[%emt
00:00:38]} Kh7 {[%clk 00:01:39]} {[%emt 00:00:40]} 46. Qb7 {[%clk 00:01:57]}
{[%emt 00:01:23]} Qxb7 {[%clk 00:00:57]} {[%emt 00:01:15]} 47. Bxb7 {[%clk
00:02:25]} {[%emt 00:00:19]} Kg7 {[%clk 00:01:15]} 48. Bd5 {[%clk 00:02:09]}
{[%emt 00:00:41]} Re8 {[%clk 00:01:03]} {[%emt 00:00:52]} 49. Bc4 {[%clk
00:02:07]} {[%emt 00:00:40]} Ra8 {[%clk 00:01:09]} {[%emt 00:00:17]} 50. Kf3
{[%clk 00:02:20]} {[%emt 00:00:06]} f5 {[%clk 00:01:21]} {[%emt 00:00:19]} 51.
Kf4 {[%clk 00:02:14]} {[%emt 00:01:14]} Kh6 {[%clk 00:01:09]} {[%emt 00:00:37]}
52. Ke5 {[%clk 00:02:27]} a5 {[%clk 00:00:53]} {[%emt 00:00:27]} 53. b5 {[%clk
00:02:48]} {[%emt 00:00:17]} a4 {[%clk 00:01:21]} 54. Ba3 {[%clk 00:02:59]}
{[%emt 00:00:19]} Rc8 {[%clk 00:01:44]} {[%emt 00:00:04]} 55. Kd5 {[%clk
00:03:13]} {[%emt 00:00:50]} Rb8 {[%clk 00:01:54]} 56. Kc5 {[%clk 00:03:30]}
{[%emt 00:00:04]} g5 {[%clk 00:01:46]} {[%emt 00:00:34]} 57. Bc1 {[%clk
00:03:21]} {[%emt 00:00:50]} Kg6 {[%clk 00:01:39]} {[%emt 00:00:59]} 58. hxg5
{[%clk 00:02:31]} {[%emt 00:01:40]} Ra8 {[%clk 00:01:39]} 59. b6 {[%clk
00:02:08]} {[%emt 00:00:27]} Rc8+ {[%clk 00:01:31]} {[%emt 00:00:55]} 60. Kb4
{[%clk 00:02:09]} {[%emt 00:00:50]} Rb8 {[%clk 00:01:56]} 61. Kc5 {[%clk
00:02:13]} Rc8+ {[%clk 00:01:59]} {[%emt 00:00:20]} 62. Kb5 {[%clk 00:02:35]}
{[%emt 00:00:39]} f4 {[%clk 00:02:21]} {[%emt 00:00:04]} 63. Bxf4 {[%clk
00:02:21]} {[%emt 00:00:34]} a3 {[%clk 00:02:41]} 64. b7 {[%clk 00:02:18]}
{[%emt 00:00:34]} 1-0